000 00683nam a2200217 i 4500
001 bg
100 1 _aPŁOSKI, Arkadiusz
245 1 0 _aWstęp do analizy matematycznej /
_cArkadiusz Płoski.
260 _aKielce :
_bPŚ. Wydaw.,
_c1997.
300 _a195 s. :
_bwykr. ;
_c24 cm.
490 1 _aSkrypty / Politechnika Świętokrzyska. Nauki Podstawowe,
_x0239-6386 ;
_v310
504 _aBibliogr. s. 193-195.
650 9 _aAnaliza matematyczna
655 _aPodręczniki akademickie
830 0 _aSkrypty (Politechnika Świętokrzyska).
_pNauki Podstawowe
040 _cBPK
041 0 _apl
080 _a517(075.8)
942 _cKS
008 s pl f |000 0 pol
999 _c32590
_d32590
856 _uhttp://koha.tu.koszalin.pl/cgi-bin/koha/opac-detail.pl?biblionumber=32590
_yKatalog online BPK